000 00526nam a2200229Ia 4500
003 OSt
005 20220916111012.0
006 a|||||r|||| 00| 0
007 ta
008 220915b |||||||| |||| 00| 0 eng d
024 _a94551
037 _cTextbook
040 _beng
_aARTS
_cARTS
041 _aeng
082 _aU8wJ09, J5
100 _aCollis M
245 0 _aGrand peregrination
260 _c1955
650 _aGEOGRAPHY
942 _hU8wJ09, J5
_cTB
_2CC
999 _c103031
_d103031